Erlkönig - Goethe - Statistiken

Allgemein
  • Dieses Quiz wurde 271 mal gespielt
  • Das Durchschnittsergebnis liegt bei 12 aus 32
Antwortstatistiken
Antwort % Korrekt
Wer reitet so spät durch Nacht und Wind?
96%
Es ist der Vater mit seinem Kind;
94%
Siehst, Vater, du den Erlkönig nicht?
49%
Er fasst ihn sicher, er hält ihn warm.
47%
Mein Sohn, es ist ein Nebelstreif. –
43%
Mein Sohn, was birgst du so bang dein Gesicht? –
42%
In seinen Armen das Kind war tot.
41%
Gar schöne Spiele spiel’ ich mit dir;
38%
Mein Vater, mein Vater, und siehst du nicht dort
38%
Den Erlenkönig mit Kron’ und Schweif? –
36%
„Du liebes Kind, komm, geh mit mir!
36%
Er hat den Knaben wohl in dem Arm,
36%
Mein Vater, mein Vater, und hörest du nicht,
36%
Mein Sohn, mein Sohn, ich seh’ es genau:
35%
Und bist du nicht willig, so brauch’ ich Gewalt.“ –
35%
Manch’ bunte Blumen sind an dem Strand,
34%
Mein Vater, mein Vater, jetzt fasst er mich an!
34%
Meine Mutter hat manch gülden Gewand.“ –
33%
Meine Töchter sollen dich warten schön;
33%
In dürren Blättern säuselt der Wind. –
32%
Sei ruhig, bleibe ruhig, mein Kind;
32%
Erlkönig hat mir ein Leids getan! –
31%
Es scheinen die alten Weiden so grau. –
31%
„Ich liebe dich, mich reizt deine schöne Gestalt;
30%
Was Erlenkönig mir leise verspricht? –
30%
Und wiegen und tanzen und singen dich ein.“ –
29%
„Willst, feiner Knabe, du mit mir gehn?
29%
Dem Vater grauset’s; er reitet geschwind,
28%
Erlkönigs Töchter am düstern Ort? –
24%
Erreicht den Hof mit Mühe und Not;
24%
Meine Töchter führen den nächtlichen Reihn
24%
Er hält in Armen das ächzende Kind,
16%
Keine übereinstimmenden Quizze gefunden
Verteilung der Resultate
Anzahl Personen mit jedem Resultat
Perzentil nach korrekt beantworteten Fragen
Ihre Resultats-Entwicklung
Sie haben dieses Quiz noch nicht gespielt